| 000 | 00921pam a2200253 a 4500 | ||
|---|---|---|---|
| 999 |
_c126752 _d126752 |
||
| 001 | 4979072 | ||
| 003 | ARRUPE | ||
| 005 | 20170824095959.0 | ||
| 008 | 980226s1998 mau 000 0 eng | ||
| 010 | _a 98013942 | ||
| 020 | _a1561011568 (alk. paper) | ||
| 040 |
_aDLC _cDLC _dDLC |
||
| 050 | 0 | 0 |
_aBV4221 _b.S28 1998 |
| 082 | 0 | 0 |
_a251 _221 |
| 100 | 1 |
_aSchlafer, David J., _d1944- _935144 |
|
| 245 | 1 | 0 |
_aWhat makes this day different? : _bpreaching grace on special occasions / _cDavid J. Schlafer. |
| 260 |
_aCambridge, Mass. : _bCowley Publications, _cc1998. |
||
| 300 |
_aix, 171 p. ; _c22 cm. |
||
| 650 | 0 |
_aPreaching. _935168 |
|
| 650 | 0 |
_aOccasional services. _935169 |
|
| 650 | 0 |
_aFasts and feasts. _935170 |
|
| 906 |
_a7 _bcbc _corignew _d1 _eocip _f19 _gy-gencatlg |
||
| 942 |
_2lcc _cMONOGRAPH |
||